Cosas que nunca creeríais (Record no. 4691)

MARC details
000 -CABECERA
campo de control de longitud fija 02244nam a2200241 i 4500
001 - NÚMERO DE CONTROL
campo de control Rebiun35030516
007 - CAMPO FIJO DE DESCRIPCIÓN FÍSICA--INFORMACIÓN GENERAL
campo de control de longitud fija ta
008 - DATOS DE LONGITUD FIJA--INFORMACIÓN GENERAL
campo de control de longitud fija 240208s2024 sp a 000 0 d
017 ## - NÚMERO DE COPYRIGHT O DE DEPÓSITO LEGAL
Número de copyright o de depósito legal B 17828-2023
020 ## - NÚMERO INTERNACIONAL ESTÁNDAR DEL LIBRO
Número Internacional Estándar del Libro 9788419951335
040 ## - FUENTE DE LA CATALOGACIÓN
Centro catalogador/agencia de origen UGR
Centro/agencia modificador BUC
Centro/agencia transcriptor tbs
041 ## - CÓDIGO DE LENGUA
Código de lengua del texto/banda sonora o título independiente spa
100 ## - ENTRADA PRINCIPAL--NOMBRE DE PERSONA
Nombre de persona Quian Quiroga, Rodrigo
9 (RLIN) 25290
Término indicativo de función/relación author
245 10 - MENCIÓN DE TÍTULO
Título Cosas que nunca creeríais
Resto del título : de la ciencia ficción a la neurociencia
Mención de responsabilidad, etc. / Rodrigo Quian Quiroga.
260 ## - PUBLICACIÓN, DISTRIBUCIÓN, ETC.
Lugar de publicación, distribución, etc. Barcelona :
Nombre del editor, distribuidor, etc. Debate,
Fecha de publicación, distribución, etc. 2024.
300 ## - DESCRIPCIÓN FÍSICA
Extensión 349 pages :
Otras características físicas illustrations ;
Dimensiones 23 cm
490 ## - MENCIÓN DE SERIE
Mención de serie Ciencia y Tecnología
520 ## - SUMARIO, ETC.
Sumario, etc. El prestigioso físico y neurocientífico Rodrigo Quian Quiroga, descubridor de las neuronas de concepto (también llamadas de Jennifer Aniston, porque responden a estímulos tan específicos como la imagen de la actriz) abre en Cosas que nunca creeríais las puertas a un viaje fantástico hacia cómo los avances en la neurociencia están materializando imaginarios antes reservados para las películas de ciencia ficción: desde borrar recuerdos hasta implantar prótesis neuronales o leer la mente.<br/><br/>Así, películas como Origen, Blade Runner, 2001: Odisea en el espacio o El planeta de los simios se convierten en un fértil campo de trabajo, no exento de importantes retos filosóficos, para las decenas de científicos que, como Quian Quiroga, trabajan diariamente para aproximar la fantasía a la realidad.
520 ## - SUMARIO, ETC.
Sumario, etc. The renowned physicist and neuroscientist Rodrigo Quian Quiroga, discoverer of concept cells (also known as Jennifer Aniston neurons, because they respond to stimuli as specific as the image of the actress), opens the door in Things You Would Never Believe to a fascinating journey into how advances in neuroscience are making real what was once confined to science fiction: from erasing memories to implanting neural prosthetics or reading minds.<br/><br/>Films like Inception, Blade Runner, 2001: A Space Odyssey, or Planet of the Apes thus become a fertile field of exploration—one not without major philosophical challenges—for the many scientists who, like Quian Quiroga, work daily to bring fantasy closer to reality.
650 #0 - PUNTO DE ACCESO ADICIONAL DE MATERIA--TÉRMINO DE MATERIA
Término de materia o nombre geográfico como elemento de entrada Neurosciences
9 (RLIN) 11153
650 #0 - PUNTO DE ACCESO ADICIONAL DE MATERIA--TÉRMINO DE MATERIA
Término de materia o nombre geográfico como elemento de entrada Neurosciences
Subdivisión general Popular works
9 (RLIN) 11755
942 ## - ELEMENTOS DE ENTRADA AGREGADA (KOHA)
Fuente del sistema de clasificación o colocación Clasificación de Library of Congress
Holdings
Estado de retiro Estado de pérdida Fuente del sistema de clasificación o colocación Estado dañado No para préstamo Biblioteca de origen Biblioteca actual Fecha de adquisición Total de préstamos Signatura topográfica completa Código de barras Fecha visto por última vez Número de copia Precio válido a partir de Tipo de ítem Koha
    Clasificación de Library of Congress     TBS Barcelona TBS Barcelona 13/06/2025   QP360.5 QUI B05809 13/06/2025 1 13/06/2025 Book

Powered by Koha